<?xml version="1.0" encoding="UTF-8"?>
<collection xmlns="http://www.loc.gov/MARC21/slim">
    <record>
        <controlfield tag="001">76196</controlfield>
        <controlfield tag="005">20190115134113.0</controlfield>
        <datafield tag="037" ind1=" " ind2=" ">
            <subfield code="a">TAZ-TFM-2018-996</subfield>
        </datafield>
        <datafield tag="041" ind1=" " ind2=" ">
            <subfield code="a">spa</subfield>
        </datafield>
        <datafield tag="100" ind1="1" ind2=" ">
            <subfield code="a">Payán Villarrubia, Fernando</subfield>
        </datafield>
        <datafield tag="242" ind1="0" ind2="0">
            <subfield code="a">Design of a new hyperannual operating rule for the Tagus head reservoirs</subfield>
        </datafield>
        <datafield tag="245" ind1="0" ind2="0">
            <subfield code="a">Diseño de una nueva regla de explotación hiperanual para los embalses de cabecera del Tajo</subfield>
        </datafield>
        <datafield tag="260" ind1=" " ind2=" ">
            <subfield code="a">Zaragoza</subfield>
            <subfield code="b">Universidad de Zaragoza</subfield>
            <subfield code="c">2018</subfield>
        </datafield>
        <datafield tag="506" ind1=" " ind2=" ">
            <subfield code="a">by-nc-sa</subfield>
            <subfield code="b">Creative Commons</subfield>
            <subfield code="c">3.0</subfield>
            <subfield code="u">http://creativecommons.org/licenses/by-nc-sa/3.0/</subfield>
        </datafield>
        <datafield tag="520" ind1=" " ind2=" ">
            <subfield code="a">El presente trabajo contiene un análisis histórico de las reglas de explotación del trasvase Tajo-Segura. Se estudia el contexto en el que surgen, las modificaciones introducidas, así como el resultado técnico y social de su aplicación. Con detalle, se evalúa el diseño de la regla de explotación actualmente vigente, especificada en el Real Decreto 773/2014. Tras su evaluación, en esta regla de explotación se detectan una serie de errores técnicos, pero también legales, que desaconsejan su continuidad, especialmente el incumplimiento de la Directiva Marco del Agua. Por ello, se concluye con una propuesta de regla de explotación radicalmente diferente, empleando el carácter hiperanual de los embalses de cabecera del Tajo. El objetivo de esta nueva regla es estabilizar los recursos superficiales totales (propios más externos) de la cabecera del Segura respetando a su vez los condicionantes de la cuenca cedente, la del Tajo, cuyas garantías deben estar plenamente garantizadas.</subfield>
        </datafield>
        <datafield tag="521" ind1=" " ind2=" ">
            <subfield code="a">Máster en Gestión Fluvial Sostenible y Gestión Integrada de Aguas</subfield>
        </datafield>
        <datafield tag="540" ind1=" " ind2=" ">
            <subfield code="a">Derechos regulados por licencia Creative Commons</subfield>
        </datafield>
        <datafield tag="700" ind1=" " ind2=" ">
            <subfield code="a">Hernández Mora, Nuria</subfield>
            <subfield code="e">dir.</subfield>
        </datafield>
        <datafield tag="710" ind1="2" ind2=" ">
            <subfield code="a">Universidad de Zaragoza</subfield>
            <subfield code="b"> </subfield>
            <subfield code="c"></subfield>
        </datafield>
        <datafield tag="856" ind1="0" ind2=" ">
            <subfield code="f">751996@celes.unizar.es</subfield>
        </datafield>
        <datafield tag="856" ind1="4" ind2=" ">
            <subfield code="s">5845032</subfield>
            <subfield code="u">http://zaguan.unizar.es/record/76196/files/TAZ-TFM-2018-996.pdf</subfield>
            <subfield code="y">Memoria (spa)</subfield>
        </datafield>
        <datafield tag="909" ind1="C" ind2="O">
            <subfield code="o">oai:zaguan.unizar.es:76196</subfield>
            <subfield code="p">driver</subfield>
            <subfield code="p">trabajos-fin-master</subfield>
        </datafield>
        <datafield tag="950" ind1=" " ind2=" ">
            <subfield code="a"></subfield>
        </datafield>
        <datafield tag="951" ind1=" " ind2=" ">
            <subfield code="a">deposita:2019-01-15</subfield>
        </datafield>
        <datafield tag="980" ind1=" " ind2=" ">
            <subfield code="a">TAZ</subfield>
            <subfield code="b">TFM</subfield>
            <subfield code="c">EPSHUES</subfield>
        </datafield>
        <datafield tag="999" ind1=" " ind2=" ">
            <subfield code="a">20181106094845.CREATION_DATE</subfield>
        </datafield>
    </record>

    
</collection>